000 00370 a2200169 4500
001 71347
020 _a
040 _cAnchieta - Colégio São Paulo
100 _aOrthof, Sylvia
240 1 0 _aA gema do ovo da ema
_lpor
245 1 0 _aA gema do ovo da ema
300 _a61
362 0 _a1989
440 1 _aFTD
650 4 _aLiteratura infanto-juvenil
942 _cBK
999 _c71347
_d71347